000 00545nam a2200181Ia 4500
005 20260415160354.0
008 008 250505s9999 xx 000 0 eng d
037 _aTextual
040 _aFEDL
_beng
_cFEDL
041 _aeng
_2eng
084 _a371.76 BIB
_qFEDL
100 _aBibby Cyril
_991462
245 0 _aSex education : A guide for parents, teachers and youth leaders
260 _aLondon, UK
_bMacmillan and Co Ltd
_c1945
300 _axi,290p
942 _cTEXL
_h371.76 BIB
999 _c1322194
_d1322194